Online Catalogue and eLibrary

Memsahibs Abroad (Record no. 1408)

MARC details
000 -LEADER
fixed length control field 00461nam a2200169Ia 4500
005 - DATE AND TIME OF LATEST TRANSACTION
control field 20241219030626.0
008 - FIXED-LENGTH DATA ELEMENTS--GENERAL INFORMATION
fixed length control field 240331s9999 xx 000 0 und d
020 ## - INTERNATIONAL STANDARD BOOK NUMBER
ISBN 0195644239
082 ## - DDC Classification
Item Number - Author Mark IND
DDC Edition Number 4794
Class No. 305
245 #0 - TITLE STATEMENT
Title Memsahibs Abroad
Remainder of title Writings by Women Travellers in Nineteenth Century India
260 ## - PUBLICATION, DISTRIBUTION, ETC.
Place of publication, distribution, etc. Delhi
Name of publisher, distributor, etc. Oxford Univeristy Press
Date of publication, distribution, etc. 1998
300 ## - PHYSICAL DESCRIPTION
Extent (e.g. Volumes, Pages etc.) xvii, 298 p.,
650 ## - SUBJECT ADDED ENTRY--TOPICAL TERM
Topical term or geographic name entry element Women
650 ## - SUBJECT ADDED ENTRY--TOPICAL TERM
Topical term or geographic name entry element History
700 ## - ADDED ENTRY--PERSONAL NAME
Personal name Ghose, I
Relator term (Role) Editor
942 ## - Koha item type (Biblio)
Koha item type Books in Stacks (Lending)
Holdings
Lost status Damaged status Collection code Home library Current library Shelving location Date acquired Full call number Accession Number Item type
    Lending WERC Library WERC Library Social Science Cupboard 03/31/2024 305 MEM 4794 Books in Stacks (Lending)

© WERC Library